00680nam a2200229 a 4500001001300000003000900013005001700022008004100039020002600080082001300106100002200119245004900141260004300190300000900233500003500242505001000277650001900287902000800306942000700314952011400321999001500435nice12345678IN_TiNIC20260116013037.0050524s1988 lona grp 000 0 eng  a0001323 c653.3500a241bNIE aNiebuhr, Reinhold aReinhold Niebuhrb Theologian of Public Life aLondon bCollins Religious Pub. c1988 a299p aincludes index and biblioraphy2 aIndex aTheology-Moral bSRS cBK 001040708StackRoom-aHMIbHMId2007-06-29g653.35l0o241 NIEp015514r2007-06-29v653.35w2005-05-24yBK c9407d9407